Music: Nur Hits von ABBA - Sudden Death - Statistiken

Allgemein
  • Dieses Quiz wurde 1.277 mal gespielt
    1.230 seit der letzten Aktualisierung
  • Das Durchschnittsergebnis liegt bei 12 aus 22
Answers on the Grid
Answers color-coded by a green-red scale on the quiz's grid according to % correct below.
I Do, I Do, I Do, I Do, I Do,
Gimme! Gimme! Gimme!
SOS
Honey, Honey
Eagle
Money, Money, Money
Take A Chance On Me
Summer Night City
Chiquitita
Knowing Me, Knowing You
I Have A Dream
Super Trouper
One Of Us
The Day Before You Came
The Winner Takes It All
Fernando
The Name Of The Game
Games People Play
Mamma Mia
Mama
Does Your Mother Know
Dancing Queen
Daddy Cool
How Do You Do
Dream On
Sunny
In The Summertime
Dancing In The City
Take That Look Of Your Face
Voulez-Vous
Ring Ring
Gold
Open Your Heart
De Do Do
You Know My Name
Follow Me, Follow You
Berlin
Don't Let Me Down
Start Me Up
That's The Way Love Goes
You Keep Me Hangin' On
Circle In The Sand
 
Antwortstatistiken
Antwort % Korrekt
Dancing Queen
80%
Gimme! Gimme! Gimme!
78%
Mamma Mia
78%
Money, Money, Money
77%
The Winner Takes It All
76%
Super Trouper
72%
Voulez-Vous
67%
SOS
66%
Take A Chance On Me
66%
Chiquitita
63%
Fernando
63%
Honey, Honey
59%
Knowing Me, Knowing You
57%
I Have A Dream
48%
Does Your Mother Know
47%
I Do, I Do, I Do, I Do, I Do,
44%
The Name Of The Game
42%
One Of Us
33%
Ring Ring
26%
The Day Before You Came
20%
Summer Night City
19%
Eagle
14%
Keine übereinstimmenden Quizze gefunden
Verteilung der Resultate
Anzahl Personen mit jedem Resultat
Perzentil nach korrekt beantworteten Fragen
Ihre Resultats-Entwicklung
Sie haben dieses Quiz seit der letzten Aktualisierung nicht gespielt